000 00263nam a22001097a 4500
082 _a973 HAR'U
100 _aHARRIS, MARC
_957713
245 _aTHE UNITED STATES IN THE SECOND WORLD WAR
260 _aNEWYORK
_bBARNES & NOBLE
_c1946
300 _a167P
942 _cBK
999 _c567982
_d567982